Ollantaytambo Zona Monumental : (Record no. 23181)

000 -CABECERA
fixed length control field 00863nam a22001817i 4500
003 - IDENTIFICADOR DEL NÚMERO DE CONTROL
control field AR-CdUCM
008 - DATOS DE LONGITUD FIJA--INFORMACIÓN GENERAL
fixed length control field 250122b20242024 pe||||| |||| 00| 0 spa d
040 ## - FUENTE DE LA CATALOGACIÓN
Agencia/entidad que catalogó originalmente la obra MUNICIPALIDAD PROVINCIAL DEL CUSCO
Entidad que transcribió la catalogación BIBLIOTECA MUNICIPAL DEL CUSCO
082 ## - NÚMERO DE LA CLASIFICACIÓN DECIMAL DEWEY
No. de Clasificación 985.613 / M95Z
Notacion interna M95Z
110 ## - ENTRADA PRINCIPAL--NOMBRE DE ENTIDAD CORPORATIVA
Nombre de la institución, jurisdicción como entrada principal Municipalidad del Distrito de Ollantaytambo
9 (RLIN) 50940
245 ## - MENCIÓN DE TÍTULO
Título Ollantaytambo Zona Monumental :
Resto del título Edición Sesquicentenario (CL) de la Creación Política del Distrito de Ollantaytambo 150 años /
260 ## - PUBLICACIÓN, DISTRIBUCIÓN, ETC.
Lugar de publicación, distribución, etc. Ollantaytambo-Cusco :
Nombre de la editorial, distribuidor, etc. Municipalidad del Distrito de Ollantaytambo
Fecha de publicación, distribución, etc. 2024
300 ## - DESCRIPCIÓN FÍSICA
Nº de Páginas Extensión 75 páginas. :
Dimensiones 24x18 cm.
505 ## - NOTA DE CONTENIDO CON FORMATO
Nota de contenido formateada Periodo prehispánico -- Parque arqueológico en la visión de los cronistas del siglo XVI y XVI -- Parque arqueológico en la perspectiva de los viajeros del siglo XIX
942 ## - ELEMENTOS DE PUNTO DE ACCESO ADICIONAL (KOHA)
Fuente de clasificación
Tipo de item Libros-BMC
945 ## - PROCESAMIENTO DE INFORMACIÓN LOCAL (OCLC)
Catalogador pbjr
AAAA-MM-DD - Fecha de ingreso o modificacion 22-01-2025
Holdings
Estado de retiro (separado) Fuente de clasificación o esquema de estanterías Estado dañado Ubicación Sala donde se ubica Nombre de la colección Fecha de adquisición o compra Fuente de adquisición Costo, precio normal en soles Signatura topográfica Código de Barras Última vez visto (Koha) Tipo de ítem (Koha)
No     Sala Humanidades Sala Humanidades Book Cart 2025-01-22 Depósito legal 15.00 985.613 / M95Z SH0000016891 2025-01-22 Libros-BMC

Powered by Koha